000 01082nam a2200277 a 4500
001 000009525
005 20250409122709.0
008 090930s1988 dr 000 p spa d
040 _aDO-SdBNP
_bspa
_cBNPHU
082 _aRD861.4209
_bP976o
245 0 0 _aPublicaciones y opiniones de la poesía sorprendida.
260 _aSan Pedro de Macorís, Repblica Dominicana :
_bUniversidad Central del Este,
_c1988.
300 _a576 p. :
_bil. ;
_c30 cm.
490 1 _aUCE,
_v70
490 1 _aLiteraria
_v15
500 _aIncluye índice onomástico e índice de ediciones de la Poesía Sorprendida.
590 _aInventariado, 2018/VM
650 0 _aPoesía dominicana
_ySiglo XX
_911868
650 4 _aPoesía dominicana
_yHISTORIA Y CRÍTICA
_924346
650 4 _aPoesía dominicana
_vCOLECCIONES
_97120
650 4 _aMovimientos literarios
_98573
710 1 _aUniversidad Central del Este
_937229
730 3 _aLa poesía sorprendida (República Dominicana)
_924347
830 0 _aUnivesidad Central del Este
_v70
_pLiteraria
_n15
_924348
910 _aValidado. Control de calidad MMOLINA
999 _c9285
_d9285